|
|
|
|
| LEADER |
00892nam a2200277 a 4500 |
| 001 |
454 |
| 003 |
BD-DhAAL |
| 005 |
20150330102203.0 |
| 008 |
150330s1991 maua f 001 0 eng d |
| 010 |
|
|
|a 90083018
|
| 020 |
|
|
|a 0395535123
|
| 040 |
|
|
|a WvMonI
|c WvMonI
|d DLC
|d BD-DhAAL
|
| 050 |
0 |
0 |
|a LB1050
|b .W438 1991
|
| 082 |
0 |
0 |
|a 428/.4
|
| 100 |
1 |
|
|a Wiener, Harvey S.
|9 10185
|
| 245 |
1 |
0 |
|a Reading skills handbook /
|c Harvey S. Wiener, Charles Bazerman.
|
| 250 |
|
|
|a 5th ed.
|
| 260 |
|
|
|a Boston :
|b Houghton Mifflin,
|c c1991.
|
| 300 |
|
|
|a xiii, 589 p. :
|b ill. ;
|c 24 cm.
|
| 500 |
|
|
|a Includes indexes.
|
| 541 |
|
|
|e 454
|
| 650 |
|
0 |
|a Reading.
|9 10186
|
| 700 |
1 |
|
|a Bazerman, Charles.
|9 10187
|
| 942 |
|
|
|2 ddc
|c BK
|
| 999 |
|
|
|c 34180
|d 34180
|
| 952 |
|
|
|0 0
|1 0
|2 ddc
|4 0
|6 428_400000000000000_WIE
|7 0
|9 53337
|a SCL
|b SCL
|c GEN
|d 2015-03-30
|l 1
|m 1
|o 428.4 WIE
|p 3020000454
|r 2017-11-28
|s 2017-11-18
|t 1
|w 2015-03-30
|y BK
|